Hasat Hasat Khar Jivan Kas Jagav? (Record no. 369497)

MARC details
000 -LEADER
fixed length control field 00468nam a2200181Ia 4500
003 - CONTROL NUMBER IDENTIFIER
control field OSt
005 - DATE AND TIME OF LATEST TRANSACTION
control field 20260106125354.0
008 - FIXED-LENGTH DATA ELEMENTS--GENERAL INFORMATION
fixed length control field 251219s9999 xx 000 0 und d
020 ## - INTERNATIONAL STANDARD BOOK NUMBER
International Standard Book Number 9789387696822
041 ## - LANGUAGE CODE
Language code of text/sound track or separate title mar
082 ## - DEWEY DECIMAL CLASSIFICATION NUMBER
Classification number 158.1
Item number TEJ DB3243
100 ## - MAIN ENTRY--PERSONAL NAME
Personal name Tejparkhi S
9 (RLIN) 215965
245 ## - TITLE STATEMENT
Title Hasat Hasat Khar Jivan Kas Jagav?
260 ## - PUBLICATION, DISTRIBUTION, ETC. (IMPRINT)
Name of publisher, distributor, etc. Wow Publication / Pune
Date of publication, distribution, etc. 2010
300 ## - PHYSICAL DESCRIPTION
Extent 104
Other physical details Paper Back
500 ## - GENERAL NOTE
Keywords Personality Development
942 ## - ADDED ENTRY ELEMENTS (KOHA)
Source of classification or shelving scheme Dewey Decimal Classification
Koha item type Donated Book
Holdings
Withdrawn status Lost status Source of classification or shelving scheme Damaged status Not for loan Home library Current library Date acquired Cost, normal purchase price Total Checkouts Full call number Barcode Date last seen Cost, replacement price Bill Date Koha item type Original Barcode
    Dewey Decimal Classification     Smt. Hiraben Nanavati Institute of Management & Research for Women Smt. Hiraben Nanavati Institute of Management & Research for Women 11/12/2025 125.00   158.1 TEJ DB3243 HIMR-DB-3243 23/12/2025 125.00 23/12/2025 Donated Book DB3243